[Event "2020 Australian Chess Championship"]
[Site "Sydney, Australia"]
[Date "2020.01.12"]
[Round "10.1"]
[White "Kuybokarov, Temur"]
[Black "Zhang, Jilin"]
[Result "1/2-1/2"]
[WhiteElo "2523"]
[BlackElo "2237"]

1. e4 {[%clk 01:30:53]} {[%emt 00:00:05]} c5 {[%clk 01:30:48]} {[%emt
00:00:14]} 2. Nf3 {[%clk 01:31:12]} {[%emt 00:00:10]} e6 {[%clk 01:31:04]}
{[%emt 00:00:14]} 3. d4 {[%clk 01:31:30]} {[%emt 00:00:12]} cxd4 {[%clk
01:31:28]} {[%emt 00:00:06]} 4. Nxd4 {[%clk 01:31:52]} {[%emt 00:00:07]} a6
{[%clk 01:31:53]} {[%emt 00:00:06]} 5. c4 {[%clk 01:31:17]} {[%emt 00:01:03]}
Nf6 {[%clk 01:32:07]} {[%emt 00:00:18]} 6. Nc3 {[%clk 01:31:34]} {[%emt
00:00:12]} d6 {[%clk 01:31:04]} {[%emt 00:01:34]} 7. Be2 {[%clk 01:31:27]}
{[%emt 00:00:35]} b6 {[%clk 01:31:17]} {[%emt 00:00:19]} 8. Be3 {[%clk
01:27:29]} {[%emt 00:04:26]} Bb7 {[%clk 01:31:29]} {[%emt 00:00:20]} 9. f3
{[%clk 01:27:43]} {[%emt 00:00:15]} Qc7 {[%clk 01:31:10]} {[%emt 00:00:49]} 10.
Qd2 {[%clk 01:24:56]} {[%emt 00:03:17]} Nbd7 {[%clk 01:30:35]} {[%emt
00:01:06]} 11. O-O {[%clk 01:23:16]} {[%emt 00:02:09]} Be7 {[%clk 01:30:34]}
{[%emt 00:00:31]} 12. a4 {[%clk 01:15:48]} {[%emt 00:07:58]} O-O {[%clk
01:27:23]} {[%emt 00:03:40]} 13. a5 {[%clk 01:13:51]} {[%emt 00:02:27]} bxa5
{[%emt 00:06:12]} 14. Nb3 {[%clk 01:13:30]} {[%emt 00:00:47]} d5 {[%clk
01:14:28]} {[%emt 00:07:47]} 15. cxd5 {[%clk 01:05:07]} {[%emt 00:08:52]} exd5
{[%clk 01:14:49]} {[%emt 00:00:09]} 16. Nxd5 {[%clk 01:01:43]} {[%emt
00:03:55]} Bxd5 {[%clk 01:10:49]} {[%emt 00:04:30]} 17. exd5 {[%clk 01:01:56]}
{[%emt 00:00:17]} Bb4 {[%clk 01:11:00]} {[%emt 00:00:20]} 18. Qd4 {[%clk
00:58:23]} {[%emt 00:04:01]} Rfe8 {[%clk 01:07:08]} {[%emt 00:04:23]} 19. Rfc1
{[%clk 00:40:16]} {[%emt 00:18:37]} Qe5 {[%clk 01:00:47]} {[%emt 00:06:54]} 20.
Kf2 {[%clk 00:40:21]} {[%emt 00:00:24]} 1/2-1/2

[Event "2020 Australian Chess Championship"]
[Site "Sydney, Australia"]
[Date "2020.01.12"]
[Round "10.2"]
[White "Puccini, Jack"]
[Black "Ikeda, Junta"]
[Result "0-1"]
[WhiteElo "2265"]
[BlackElo "2438"]

1. e4 {[%clk 01:30:57]} {[%emt 00:00:02]} g6 {[%clk 01:30:56]} {[%emt
00:00:05]} 2. d4 {[%clk 01:31:18]} {[%emt 00:00:09]} Bg7 {[%clk 01:31:21]}
{[%emt 00:00:05]} 3. Nc3 {[%clk 01:31:32]} {[%emt 00:00:16]} d6 {[%clk
01:31:47]} {[%emt 00:00:04]} 4. f4 {[%clk 01:31:51]} {[%emt 00:00:10]} a6
{[%clk 01:32:13]} {[%emt 00:00:06]} 5. Nf3 {[%clk 01:32:06]} {[%emt 00:00:14]}
b5 {[%clk 01:32:28]} {[%emt 00:00:14]} 6. Bd3 {[%clk 01:32:21]} {[%emt
00:00:15]} Nd7 {[%clk 01:32:48]} {[%emt 00:00:11]} 7. e5 {[%clk 01:32:32]}
{[%emt 00:00:18]} c5 {[%clk 01:33:03]} {[%emt 00:00:15]} 8. Be4 {[%clk
01:32:40]} {[%emt 00:00:23]} Rb8 {[%clk 01:33:17]} {[%emt 00:00:16]} 9. O-O
{[%clk 01:32:37]} {[%emt 00:00:32]} Nh6 {[%clk 01:25:11]} {[%emt 00:08:37]} 10.
exd6 {[%clk 01:32:22]} {[%emt 00:00:46]} O-O {[%clk 01:10:10]} {[%emt
00:15:30]} 11. f5 {[%clk 01:32:38]} {[%emt 00:00:14]} exd6 {[%clk 00:39:23]}
{[%emt 00:31:18]} 12. Bg5 {[%clk 01:32:18]} {[%emt 00:00:50]} Nf6 {[%clk
00:34:21]} {[%emt 00:05:33]} 13. fxg6 {[%clk 01:32:20]} {[%emt 00:00:28]} hxg6
{[%clk 00:32:41]} {[%emt 00:02:10]} 14. Nh4 {[%clk 01:14:51]} {[%emt 00:18:00]}
Nhg4 {[%clk 00:21:04]} {[%emt 00:12:08]} 15. dxc5 {[%clk 00:32:56]} {[%emt
00:42:25]} dxc5 {[%clk 00:18:12]} {[%emt 00:03:22]} 16. h3 {[%clk 00:26:14]}
{[%emt 00:07:11]} b4 {[%clk 00:06:34]} {[%emt 00:12:10]} 17. Nd5 {[%clk
00:20:48]} {[%emt 00:05:56]} Qe8 {[%clk 00:04:20]} {[%emt 00:02:44]} 18. Bxf6
{[%clk 00:11:59]} {[%emt 00:09:18]} Nxf6 {[%clk 00:04:31]} {[%emt 00:00:20]} 19.
Nxf6+ {[%clk 00:11:59]} {[%emt 00:00:29]} Bxf6 {[%clk 00:04:57]} {[%emt
00:00:05]} 20. Rxf6 {[%clk 00:12:23]} {[%emt 00:00:06]} Qxe4 {[%clk 00:05:15]}
{[%emt 00:00:12]} 21. Nxg6 {[%clk 00:12:21]} {[%emt 00:00:32]} Bxh3 {[%clk
00:04:40]} {[%emt 00:01:04]} 22. Nf4 {[%clk 00:09:33]} {[%emt 00:03:18]} Rbd8
{[%clk 00:04:32]} {[%emt 00:00:39]} 23. Rd6 {[%clk 00:01:53]} {[%emt 00:08:10]}
Qe3+ {[%clk 00:04:40]} {[%emt 00:00:22]} 24. Kh1 {[%clk 00:02:14]} {[%emt
00:00:09]} Qxf4 {[%clk 00:04:39]} {[%emt 00:00:31]} 25. Rxd8 {[%clk 00:02:36]}
{[%emt 00:00:08]} Bxg2+ {[%clk 00:05:04]} {[%emt 00:00:05]} 26. Kg1 {[%clk
00:02:22]} {[%emt 00:00:44]} Qe3+ {[%clk 00:05:28]} {[%emt 00:00:06]} 27. Kxg2
{[%clk 00:01:29]} {[%emt 00:01:23]} Qg5+ {[%clk 00:05:53]} {[%emt 00:00:05]} 28.
Kf3 {[%clk 00:01:42]} {[%emt 00:00:17]} Qf6+ {[%clk 00:05:58]} {[%emt
00:00:26]} 29. Ke3 {[%clk 00:01:09]} {[%emt 00:01:03]} Rxd8 {[%clk 00:05:54]}
{[%emt 00:00:34]} 30. Qg4+ {[%clk 00:01:34]} {[%emt 00:00:06]} Kf8 {[%clk
00:06:04]} {[%emt 00:00:20]} 31. Rg1 {[%clk 00:01:46]} {[%emt 00:00:18]} Qe5+
{[%clk 00:02:06]} {[%emt 00:04:28]} 32. Kf3 {[%clk 00:01:14]} {[%emt 00:01:01]}
Qf6+ {[%clk 00:00:53]} {[%emt 00:01:43]} 33. Ke2 {[%clk 00:01:12]} {[%emt
00:00:32]} Qe5+ {[%clk 00:00:49]} {[%emt 00:00:34]} 34. Kf3 {[%clk 00:01:33]}
{[%emt 00:00:09]} Qd5+ {[%clk 00:01:01]} {[%emt 00:00:18]} 35. Qe4 {[%clk
00:01:16]} {[%emt 00:00:47]} Qxa2 {[%clk 00:00:38]} {[%emt 00:00:53]} 36. Rg5
{[%clk 00:00:40]} {[%emt 00:01:06]} Qxb2 {[%clk 00:00:41]} {[%emt 00:00:28]} 37.
Rxc5 {[%clk 00:00:49]} {[%emt 00:00:21]} Qf6+ {[%clk 00:00:38]} {[%emt
00:00:32]} 38. Qf5 {[%clk 00:00:33]} {[%emt 00:00:46]} Qxf5+ {[%clk 00:00:44]}
{[%emt 00:00:24]} 39. Rxf5 {[%clk 00:01:01]} {[%emt 00:00:02]} Rc8 {[%clk
00:00:42]} {[%emt 00:00:32]} 40. Ra5 {[%clk 00:00:34]} {[%emt 00:00:57]} Rxc2
{[%clk 00:00:41]} {[%emt 00:00:31]} 41. Rxa6 {[%clk 00:00:57]} {[%emt
00:00:07]} b3 {[%clk 00:27:13]} {[%emt 00:03:58]} 42. Rb6 {[%clk 00:31:23]}
{[%emt 00:00:04]} b2 {[%clk 00:24:47]} {[%emt 00:02:55]} 43. Rb7 {[%clk
00:29:30]} {[%emt 00:02:23]} Ke8 {[%clk 00:20:13]} {[%emt 00:05:04]} 44. Ke3
{[%clk 00:23:49]} {[%emt 00:06:11]} Kd8 {[%clk 00:20:35]} {[%emt 00:00:08]} 45.
Kd3 {[%clk 00:24:10]} {[%emt 00:00:09]} Rh2 {[%clk 00:20:36]} {[%emt 00:00:29]}
46. Kc3 {[%clk 00:24:13]} {[%emt 00:00:27]} Kc8 {[%clk 00:20:54]} {[%emt
00:00:11]} 47. Kd4 {[%emt 00:01:14]} 0-1

[Event "2020 Australian Chess Championship"]
[Site "Sydney, Australia"]
[Date "2020.01.12"]
[Round "10.3"]
[White "McGowan, Cameron"]
[Black "Bjelobrk, Igor"]
[Result "0-1"]
[WhiteElo "2221"]
[BlackElo "2403"]

1. e4 {[%clk 01:30:57]} {[%emt 00:00:02]} c5 {[%clk 01:30:52]} {[%emt
00:00:09]} 2. Nf3 {[%clk 01:31:16]} {[%emt 00:00:10]} e6 {[%clk 01:31:15]}
{[%emt 00:00:09]} 3. c3 {[%clk 01:30:17]} {[%emt 00:01:27]} Nf6 {[%clk
01:31:36]} {[%emt 00:00:10]} 4. e5 {[%clk 01:30:28]} {[%emt 00:00:19]} Nd5
{[%clk 01:31:36]} {[%emt 00:00:31]} 5. Bc4 {[%clk 01:30:55]} {[%emt 00:00:02]}
d6 {[%clk 01:31:46]} {[%emt 00:00:20]} 6. d4 {[%clk 01:29:03]} {[%emt
00:02:22]} cxd4 {[%clk 01:29:06]} {[%emt 00:03:11]} 7. cxd4 {[%clk 01:29:12]}
{[%emt 00:00:20]} Be7 {[%clk 01:29:26]} {[%emt 00:00:10]} 8. O-O {[%clk
01:28:47]} {[%emt 00:00:53]} O-O {[%clk 01:29:40]} {[%emt 00:00:18]} 9. Qe2
{[%clk 01:29:01]} {[%emt 00:00:14]} b6 {[%clk 01:29:29]} {[%emt 00:00:43]} 10.
Nc3 {[%clk 01:21:22]} {[%emt 00:08:10]} Nxc3 {[%clk 01:29:17]} {[%emt
00:00:41]} 11. bxc3 {[%clk 01:21:49]} {[%emt 00:00:03]} Bb7 {[%clk 01:29:27]}
{[%emt 00:00:20]} 12. Bf4 {[%clk 01:13:09]} {[%emt 00:09:09]} Qc7 {[%clk
01:29:19]} {[%emt 00:00:38]} 13. Rac1 {[%clk 01:09:18]} {[%emt 00:04:22]} Nd7
{[%clk 01:29:30]} {[%emt 00:00:18]} 14. Bd3 {[%clk 01:02:37]} {[%emt 00:07:11]}
Bxf3 {[%clk 01:23:04]} {[%emt 00:06:57]} 15. Qxf3 {[%clk 01:01:20]} {[%emt
00:01:46]} dxe5 {[%clk 01:23:18]} {[%emt 00:00:16]} 16. dxe5 {[%clk 00:59:46]}
{[%emt 00:02:04]} g6 {[%clk 01:23:14]} {[%emt 00:00:34]} 17. Qg3 {[%clk
00:56:07]} {[%emt 00:04:10]} Rfd8 {[%clk 01:16:38]} {[%emt 00:07:06]} 18. Bb1
{[%clk 00:49:18]} {[%emt 00:07:19]} Qc4 {[%clk 01:13:44]} {[%emt 00:03:23]} 19.
Rfe1 {[%clk 00:45:42]} {[%emt 00:04:06]} Nc5 {[%clk 01:13:17]} {[%emt
00:00:56]} 20. Re3 {[%clk 00:44:45]} {[%emt 00:01:28]} Rd7 {[%clk 01:10:03]}
{[%emt 00:03:43]} 21. h4 {[%clk 00:36:33]} Rad8 {[%clk 01:10:10]} {[%emt
00:09:06]} 22. Bg5 {[%clk 00:35:21]} Rd1+ {[%clk 01:04:03]} {[%emt 00:08:20]}
23. Re1 {[%emt 00:03:15]} Qe2 {[%clk 01:01:10]} {[%emt 00:00:46]} 24. f3 {[%clk
00:26:49]} Bxg5 {[%clk 00:58:15]} {[%emt 00:12:20]} 25. hxg5 {[%clk 00:16:55]}
{[%emt 00:10:23]} Qe3+ {[%clk 00:57:42]} {[%emt 00:01:04]} 0-1

[Event "2020 Australian Chess Championship"]
[Site "Sydney, Australia"]
[Date "2020.01.12"]
[Round "10.4"]
[White "Kethro, Michael"]
[Black "Clarke, Brandon G I"]
[Result "0-1"]
[WhiteElo "2093"]
[BlackElo "2438"]

1. d4 {[%clk 01:30:55]} {[%emt 00:00:04]} Nf6 {[%clk 01:30:58]} {[%emt
00:00:04]} 2. c4 {[%clk 01:31:09]} {[%emt 00:00:15]} g6 {[%clk 01:31:21]}
{[%emt 00:00:07]} 3. Nc3 {[%clk 01:31:14]} {[%emt 00:00:25]} d5 {[%clk
01:31:11]} {[%emt 00:00:39]} 4. cxd5 {[%clk 01:30:37]} {[%emt 00:01:08]} Nxd5
{[%clk 01:31:10]} {[%emt 00:00:31]} 5. e4 {[%clk 01:30:44]} {[%emt 00:00:23]}
Nxc3 {[%clk 01:31:33]} {[%emt 00:00:07]} 6. bxc3 {[%clk 01:31:03]} {[%emt
00:00:10]} Bg7 {[%clk 01:31:57]} {[%emt 00:00:06]} 7. Bg5 {[%clk 01:30:25]}
{[%emt 00:01:08]} c5 {[%clk 01:28:45]} {[%emt 00:03:42]} 8. Rc1 {[%clk
01:30:09]} {[%emt 00:00:46]} O-O {[%clk 01:21:06]} {[%emt 00:08:09]} 9. Nf3
{[%clk 01:30:05]} {[%emt 00:00:34]} Bg4 {[%clk 01:16:09]} {[%emt 00:05:26]} 10.
d5 {[%clk 01:28:49]} {[%emt 00:01:46]} Qa5 {[%clk 01:15:43]} {[%emt 00:00:57]}
11. Qd2 {[%clk 01:05:08]} {[%emt 00:24:10]} e6 {[%clk 00:58:46]} {[%emt
00:17:27]} 12. Be2 {[%clk 00:52:22]} {[%emt 00:13:17]} exd5 {[%clk 00:56:41]}
{[%emt 00:02:34]} 13. exd5 {[%clk 00:49:23]} {[%emt 00:03:29]} Bxf3 {[%clk
00:36:32]} {[%emt 00:20:41]} 14. Bxf3 {[%clk 00:45:26]} {[%emt 00:04:27]} Re8+
{[%clk 00:37:00]} {[%emt 00:00:03]} 15. Be3 {[%clk 00:42:03]} {[%emt 00:03:52]}
Nd7 {[%clk 00:33:02]} {[%emt 00:04:29]} 16. O-O {[%clk 00:41:14]} {[%emt
00:01:19]} Ne5 {[%clk 00:31:46]} {[%emt 00:01:46]} 17. Be2 {[%clk 00:40:24]}
{[%emt 00:01:20]} c4 {[%clk 00:31:33]} {[%emt 00:00:43]} 18. Bf4 {[%clk
00:21:47]} {[%emt 00:19:06]} Rad8 {[%clk 00:31:34]} {[%emt 00:00:29]} 19. d6
{[%clk 00:18:56]} {[%emt 00:03:21]} Bf8 {[%clk 00:28:51]} {[%emt 00:03:14]} 20.
Bxe5 {[%clk 00:12:11]} {[%emt 00:07:16]} Rxe5 {[%clk 00:29:19]} {[%emt
00:00:02]} 21. d7 {[%clk 00:06:11]} {[%emt 00:06:30]} Rd5 {[%clk 00:28:47]}
{[%emt 00:01:02]} 22. Qf4 {[%clk 00:06:03]} {[%emt 00:00:37]} b5 {[%clk
00:26:01]} {[%emt 00:03:16]} 23. Bg4 {[%clk 00:02:54]} {[%emt 00:03:39]} f5
{[%clk 00:26:30]} {[%emt 00:00:02]} 24. Bf3 {[%clk 00:02:27]} {[%emt 00:00:57]}
R5xd7 {[%clk 00:26:58]} {[%emt 00:00:02]} 25. Qe5 {[%clk 00:01:46]} {[%emt
00:01:11]} Bg7 {[%clk 00:23:00]} {[%emt 00:04:28]} 26. Qe6+ {[%clk 00:01:36]}
{[%emt 00:00:40]} Kf8 {[%clk 00:23:26]} {[%emt 00:00:04]} 27. a4 {[%clk
00:00:37]} {[%emt 00:01:29]} Qxa4 {[%clk 00:22:21]} {[%emt 00:01:35]} 28. Rfe1
{[%clk 00:00:45]} {[%emt 00:00:22]} Qa3 {[%clk 00:18:08]} {[%emt 00:04:44]} 29.
Ra1 {[%clk 00:00:39]} {[%emt 00:00:36]} Qxc3 {[%clk 00:10:39]} {[%emt
00:07:59]} 30. Bc6 {[%clk 00:00:35]} {[%emt 00:00:34]} Qxa1 {[%clk 00:10:38]}
{[%emt 00:00:31]} 31. Bxd7 {[%clk 00:00:37]} {[%emt 00:00:28]} Qxe1+ {[%clk
00:11:05]} {[%emt 00:00:04]} 32. Qxe1 {[%clk 00:00:59]} {[%emt 00:00:07]} Rxd7
{[%clk 00:11:30]} {[%emt 00:00:05]} 33. Qb4+ {[%clk 00:00:48]} {[%emt
00:00:41]} Kf7 {[%clk 00:11:25]} {[%emt 00:00:35]} 34. h4 {[%clk 00:00:55]}
{[%emt 00:00:22]} a6 {[%clk 00:11:31]} {[%emt 00:00:25]} 35. Qa5 {[%clk
00:00:34]} {[%emt 00:00:51]} Be5 {[%clk 00:09:12]} {[%emt 00:02:49]} 36. g3
{[%clk 00:00:49]} {[%emt 00:00:14]} Rd6 {[%clk 00:08:01]} {[%emt 00:01:41]} 37.
Qc7+ {[%clk 00:00:53]} {[%emt 00:00:25]} Ke6 {[%clk 00:08:10]} {[%emt
00:00:21]} 38. Qxh7 {[%clk 00:00:33]} {[%emt 00:00:50]} Kd5 {[%clk 00:08:34]}
{[%emt 00:00:07]} 39. h5 {[%clk 00:00:33]} {[%emt 00:00:30]} c3 {[%clk
00:05:00]} {[%emt 00:04:04]} 40. Qf7+ {[%clk 00:00:35]} {[%emt 00:00:28]} Ke4
{[%clk 00:00:33]} {[%emt 00:04:58]} 41. Qb7+ {[%clk 00:12:42]} {[%emt
00:18:23]} Rd5 {[%clk 00:20:05]} {[%emt 00:10:59]} 42. hxg6 {[%clk 00:09:23]}
{[%emt 00:03:49]} c2 {[%clk 00:15:26]} {[%emt 00:05:09]} 43. Qc6 {[%clk
00:08:18]} {[%emt 00:01:35]} Bc3 {[%clk 00:15:22]} {[%emt 00:00:34]} 44. g7
{[%clk 00:01:13]} {[%emt 00:07:35]} c1=Q+ {[%clk 00:11:37]} {[%emt 00:04:16]}
45. Kg2 {[%clk 00:01:23]} {[%emt 00:00:20]} Qg5 {[%clk 00:05:20]} {[%emt
00:06:47]} 46. Qe8+ {[%clk 00:01:23]} {[%emt 00:00:29]} Kd4 {[%clk 00:05:29]}
{[%emt 00:00:22]} 47. g8=Q {[%clk 00:01:18]} {[%emt 00:00:35]} Qxg8 {[%clk
00:05:56]} {[%emt 00:00:03]} 48. Qxg8 {[%clk 00:01:41]} {[%emt 00:00:07]} a5
{[%clk 00:06:14]} {[%emt 00:00:13]} 49. Qg7+ {[%clk 00:00:42]} {[%emt
00:01:29]} Kc4 {[%clk 00:06:39]} {[%emt 00:00:05]} 50. Qc7+ {[%clk 00:00:50]}
{[%emt 00:00:22]} Kb4 {[%clk 00:06:47]} {[%emt 00:00:24]} 51. Qe7+ {[%clk
00:00:52]} {[%emt 00:00:26]} Rc5 {[%clk 00:06:51]} {[%emt 00:00:27]} 52. f3
{[%clk 00:00:49]} {[%emt 00:00:34]} a4 {[%clk 00:07:19]} {[%emt 00:00:02]} 53.
g4 {[%clk 00:00:38]} {[%emt 00:00:41]} fxg4 {[%clk 00:07:48]} {[%emt 00:00:02]}
54. fxg4 {[%clk 00:01:05]} {[%emt 00:00:03]} a3 {[%clk 00:08:10]} {[%emt
00:00:08]} 55. Qa7 {[%clk 00:00:51]} {[%emt 00:00:43]} Rc4 {[%clk 00:06:57]}
{[%emt 00:01:43]} 56. g5 {[%clk 00:00:35]} {[%emt 00:00:46]} Kb3 {[%clk
00:07:07]} {[%emt 00:00:21]} 57. Qd7 {[%clk 00:00:44]} {[%emt 00:00:20]} a2
{[%clk 00:04:08]} {[%emt 00:03:29]} 58. Qxb5+ {[%clk 00:00:35]} {[%emt
00:00:39]} Bb4 {[%clk 00:04:37]} {[%emt 00:00:02]} 59. Qe5 {[%clk 00:00:35]}
{[%emt 00:00:30]} Rc2+ {[%clk 00:04:57]} {[%emt 00:00:10]} 60. Kf3 {[%clk
00:00:33]} {[%emt 00:00:32]} Rc3 {[%clk 00:05:25]} {[%emt 00:00:02]} 61. Kg4
{[%clk 00:00:34]} {[%emt 00:00:29]} a1=Q {[%clk 00:05:37]} {[%emt 00:00:18]} 62.
Qe6+ {[%clk 00:00:35]} {[%emt 00:00:29]} Rc4+ {[%clk 00:06:05]} {[%emt
00:00:02]} 0-1

[Event "2020 Australian Chess Championship"]
[Site "Sydney, Australia"]
[Date "2020.01.12"]
[Round "10.5"]
[White "O`Chee, Kevin"]
[Black "McClymont, Brodie"]
[Result "1/2-1/2"]
[WhiteElo "2156"]
[BlackElo "2421"]

1. c4 {[%clk 01:30:50]} {[%emt 00:00:09]} Nf6 {[%clk 01:30:53]} {[%emt
00:00:07]} 2. Nc3 {[%clk 01:31:14]} {[%emt 00:00:07]} g6 {[%clk 01:31:09]}
{[%emt 00:00:13]} 3. e4 {[%clk 01:31:22]} {[%emt 00:00:22]} d6 {[%clk
01:31:20]} {[%emt 00:00:18]} 4. d4 {[%clk 01:31:44]} {[%emt 00:00:09]} Bg7
{[%clk 01:31:44]} {[%emt 00:00:06]} 5. Nf3 {[%clk 01:31:58]} {[%emt 00:00:16]}
O-O {[%clk 01:31:50]} {[%emt 00:00:24]} 6. Be2 {[%clk 01:32:24]} {[%emt
00:00:05]} Nbd7 {[%clk 01:32:14]} {[%emt 00:00:05]} 7. Qc2 {[%clk 01:28:47]}
{[%emt 00:04:07]} e5 {[%clk 01:31:14]} {[%emt 00:01:30]} 8. d5 {[%clk
01:29:06]} {[%emt 00:00:11]} a5 {[%clk 01:30:40]} {[%emt 00:01:04]} 9. h3
{[%clk 01:27:27]} {[%emt 00:02:10]} Nc5 {[%clk 01:30:11]} {[%emt 00:00:58]} 10.
Be3 {[%clk 01:27:18]} {[%emt 00:00:39]} Nh5 {[%clk 01:29:34]} {[%emt 00:01:07]}
11. g3 {[%clk 01:25:10]} {[%emt 00:02:39]} f5 {[%clk 01:27:52]} {[%emt
00:02:11]} 12. Nd2 {[%clk 01:24:52]} {[%emt 00:00:49]} Nf6 {[%clk 01:20:53]}
{[%emt 00:07:29]} 13. Bxc5 {[%clk 01:21:53]} {[%emt 00:03:29]} dxc5 {[%clk
01:21:18]} {[%emt 00:00:04]} 14. O-O-O {[%clk 01:20:59]} {[%emt 00:01:25]} Ne8
{[%clk 01:21:15]} {[%emt 00:00:33]} 15. exf5 {[%clk 01:19:29]} {[%emt
00:02:00]} gxf5 {[%clk 01:21:35]} {[%emt 00:00:11]} 16. f4 {[%clk 01:19:17]}
{[%emt 00:00:42]} exf4 {[%clk 01:21:04]} {[%emt 00:01:01]} 17. gxf4 {[%clk
01:19:01]} {[%emt 00:00:46]} Qh4 {[%clk 01:21:26]} {[%emt 00:00:08]} 18. Rdf1
{[%clk 01:17:04]} {[%emt 00:02:26]} Rf6 {[%clk 01:18:59]} {[%emt 00:02:57]} 19.
Bd3 {[%clk 01:13:55]} {[%emt 00:03:39]} Bd7 {[%clk 01:18:22]} {[%emt 00:01:06]}
20. Ne2 {[%clk 01:10:52]} {[%emt 00:03:34]} Rb6 {[%clk 01:18:03]} {[%emt
00:00:49]} 21. Nf3 {[%clk 01:00:54]} {[%emt 00:10:28]} Qe7 {[%clk 01:18:28]}
{[%emt 00:00:05]} 22. Rhg1 {[%clk 00:56:55]} {[%emt 00:04:29]} Kh8 {[%clk
01:17:51]} {[%emt 00:01:08]} 23. Ne5 {[%clk 00:52:55]} {[%emt 00:04:30]} Bxe5
{[%clk 01:18:15]} {[%emt 00:00:05]} 24. fxe5 Qxe5 {[%clk 01:18:42]} 25. Bxf5
{[%clk 00:48:55]} {[%emt 00:04:54]} Bxf5 {[%clk 01:19:07]} {[%emt 00:00:05]} 26.
Rxf5 {[%clk 00:49:06]} {[%emt 00:00:19]} Qe3+ {[%clk 01:19:34]} {[%emt
00:00:03]} 27. Kb1 {[%clk 00:46:15]} {[%emt 00:03:21]} Nd6 {[%clk 01:19:59]}
{[%emt 00:00:05]} 28. Rh5 {[%clk 00:42:54]} {[%emt 00:03:50]} Qe4 {[%clk
01:20:25]} {[%emt 00:00:05]} 29. Qxe4 {[%clk 00:42:10]} {[%emt 00:01:14]} Nxe4
{[%clk 01:20:51]} {[%emt 00:00:04]} 30. Nf4 {[%clk 00:39:51]} {[%emt 00:02:49]}
Rg8 {[%clk 01:20:21]} {[%emt 00:01:00]} 31. Rxg8+ {[%clk 00:37:41]} {[%emt
00:02:40]} Kxg8 {[%clk 01:20:48]} {[%emt 00:00:04]} 32. Kc2 {[%clk 00:37:25]}
{[%emt 00:00:46]} Rf6 {[%clk 01:21:01]} {[%emt 00:00:17]} 33. Rh4 {[%clk
00:37:31]} {[%emt 00:00:24]} Nd6 {[%clk 01:20:16]} {[%emt 00:01:15]} 34. b3
{[%clk 00:33:22]} {[%emt 00:04:40]} Nf5 {[%clk 01:19:24]} {[%emt 00:01:22]} 35.
Rg4+ {[%clk 00:32:56]} {[%emt 00:00:57]} Kf7 {[%clk 01:19:50]} {[%emt
00:00:04]} 36. Kd3 {[%clk 00:30:30]} {[%emt 00:02:56]} Rh6 {[%clk 01:19:56]}
{[%emt 00:00:24]} 37. Ke4 {[%clk 00:28:35]} {[%emt 00:02:24]} Kf6 {[%clk
01:19:57]} {[%emt 00:00:28]} 38. Ne6 {[%clk 00:27:23]} {[%emt 00:01:42]} Rxh3
{[%clk 01:19:42]} {[%emt 00:00:46]} 39. Nxc5 {[%clk 00:26:27]} {[%emt
00:01:25]} Nd6+ {[%clk 01:18:23]} {[%emt 00:01:49]} 40. Kf4 {[%clk 00:26:35]}
{[%emt 00:00:22]} Rh2 {[%clk 01:17:59]} {[%emt 00:00:54]} 41. Nd7+ {[%clk
00:23:53]} {[%emt 00:03:12]} Kf7 {[%clk 01:18:24]} {[%emt 00:00:05]} 42. Ne5+
{[%clk 00:24:00]} {[%emt 00:00:23]} Kf8 {[%clk 01:18:09]} {[%emt 00:00:46]} 43.
Nd7+ {[%clk 00:19:48]} {[%emt 00:04:42]} Ke8 {[%clk 01:18:21]} {[%emt
00:00:18]} 44. Rg7 {[%clk 00:19:58]} {[%emt 00:00:20]} Rf2+ {[%clk 01:15:55]}
{[%emt 00:02:57]} 45. Ke3 {[%clk 00:18:08]} {[%emt 00:02:19]} Rxa2 {[%clk
01:14:55]} {[%emt 00:01:31]} 46. Nf6+ {[%clk 00:18:14]} {[%emt 00:00:24]} Kd8
{[%clk 01:15:18]} {[%emt 00:00:06]} 47. Rd7+ {[%clk 00:17:33]} {[%emt
00:01:11]} Kc8 {[%clk 01:15:02]} {[%emt 00:00:46]} 48. Rxh7 {[%clk 00:17:45]}
{[%emt 00:00:18]} b6 {[%clk 01:15:26]} {[%emt 00:00:07]} 49. Ne4 {[%clk
00:16:58]} {[%emt 00:01:17]} Nxe4 {[%clk 00:50:26]} {[%emt 00:25:30]} 50. Kxe4
{[%clk 00:16:57]} {[%emt 00:00:31]} Ra3 {[%clk 00:50:50]} {[%emt 00:00:05]} 51.
d6 {[%clk 00:15:29]} {[%emt 00:01:59]} cxd6 {[%clk 00:51:17]} {[%emt 00:00:03]}
52. Kd5 {[%clk 00:15:47]} {[%emt 00:00:12]} Rxb3 {[%clk 00:51:43]} {[%emt
00:00:04]} 53. Kc6 {[%clk 00:16:02]} {[%emt 00:00:15]} Kd8 {[%clk 00:52:11]}
{[%emt 00:00:03]} 54. Kxd6 {[%clk 00:15:48]} {[%emt 00:00:44]} Ke8 {[%clk
00:52:38]} {[%emt 00:00:03]} 55. c5 {[%clk 00:14:57]} {[%emt 00:01:21]} 1/2-1/2

[Event "2020 Australian Chess Championship"]
[Site "Sydney, Australia"]
[Date "2020.01.12"]
[Round "10.6"]
[White "Wallis, Christopher"]
[Black "Solomon, Stephen J"]
[Result "1/2-1/2"]
[WhiteElo "2322"]
[BlackElo "2319"]

1. d4 {[%clk 01:30:56]} {[%emt 00:00:02]} d5 {[%clk 01:30:13]} {[%emt
00:00:48]} 2. c4 {[%clk 01:31:17]} {[%emt 00:00:09]} e6 {[%clk 01:30:38]}
{[%emt 00:00:05]} 3. Nf3 {[%clk 01:31:39]} {[%emt 00:00:08]} Nf6 {[%clk
01:30:37]} {[%emt 00:00:32]} 4. g3 {[%clk 01:32:00]} {[%emt 00:00:09]} Be7
{[%clk 01:30:38]} {[%emt 00:00:29]} 5. Bg2 {[%clk 01:32:21]} {[%emt 00:00:08]}
O-O {[%clk 01:31:03]} {[%emt 00:00:06]} 6. O-O {[%clk 01:32:44]} {[%emt
00:00:06]} dxc4 {[%clk 01:31:28]} {[%emt 00:00:06]} 7. Qc2 {[%clk 01:33:05]}
{[%emt 00:00:08]} a6 {[%clk 01:31:19]} {[%emt 00:00:36]} 8. a4 {[%clk
01:33:27]} {[%emt 00:00:11]} Nc6 {[%clk 01:28:02]} {[%emt 00:03:48]} 9. Qxc4
{[%clk 01:33:36]} {[%emt 00:00:20]} a5 {[%clk 01:27:16]} {[%emt 00:01:17]} 10.
Nc3 {[%clk 01:30:26]} {[%emt 00:03:39]} Nb4 {[%clk 01:26:06]} {[%emt 00:01:40]}
11. Rd1 {[%clk 01:25:15]} {[%emt 00:05:40]} c6 {[%clk 01:16:17]} {[%emt
00:10:20]} 12. e4 {[%clk 01:23:43]} b6 {[%clk 01:16:17]} 13. Qb3 {[%clk
01:23:43]} Ba6 {[%clk 01:15:49]} {[%emt 00:11:36]} 14. Ne5 {[%clk 01:10:34]}
Rc8 {[%clk 01:15:03]} {[%emt 00:07:20]} 15. Bf1 {[%clk 01:04:38]} Bxf1 {[%clk
01:13:58]} {[%emt 00:07:59]} 1/2-1/2